000 00716nam a22002417a 4500
003 UA-OsUOA
001 85842
007 ta
008 20120716b un ||||| |||| 00| 0 ukr d
100 _aОдарич С.
090 _a340.111.5
_bО-40
942 _cBK
040 _aUA-OsUOA
_bukr
_cUA-OsUOA
_dUA-OsUOA
245 _aСправедливість власноруч
300 _a136 с.
955 _a2
041 _aukr
080 _a340.111.5
020 _a978-966-96779-0-7
260 _aЧеркаси
_bЯнтар-черкаси
_c2007
650 7 _a340 Право в цілому. Пропедевтика. Методи та допоміжні правничі науки
_2UDC
999 _c372185
_d372185